Fortnite - Season 5 Named Locations - Statistics

General Stats
  • This quiz has been taken 34 times
  • The average score is 17 of 21
Answer Stats
Picture Answer % Correct
Tilted Towers
97%
Loot Lake
94%
Pleasant Park
94%
Retail Row
94%
Dusty Divot
91%
Tomato Town
91%
Lucky Landing
88%
Risky Reels
88%
Salty Springs
88%
Greasy Grove
84%
Wailing Woods
84%
Fatal Fields
81%
Haunted Hills
81%
Paradise Palms
81%
Flush Factory
78%
Shifty Shafts
78%
Lonely Lodge
75%
Junk Junction
72%
Lazy Links
69%
Snobby Shores
69%
Tomato Temple
66%
No matching quizzes found
Score Distribution
Percent of People with Each Score
Percentile by Number Answered
Your Score History
You have not taken this quiz